Barbieri : (Record no. 193025)

MARC details
000 -LEADER
campo de control de longitud fija 02751nam a2200469 i 4500
001 - NÚMERO DE CONTROL
campo de control 193025
003 - IDENTIFICADOR DE NÚMERO DE CONTROL
campo de control SpMaBN
005 - FECHA Y HORA DE LA ÚLTIMA TRANSACCIÓN
campo de control 20260312132042.0
007 - CAMPO FIJO DE DESCRIPCIÓN FÍSICA--INFORMACIÓN GENERAL
campo de control de longitud fija ta
008 - DATOS DE LONGITUD FIJA--INFORMACIÓN GENERAL
campo de control de longitud fija 230723s2017 sp a o000 0dspa
017 ## - NÚMERO DE COPYRIGHT O DE DEPÓSITO LEGAL
Número de copyright o de depósito legal M 3245-2017
Agencia que asigna Oficina Depósito Legal Madrid
020 ## - NÚMERO INTERNACIONAL ESTÁNDAR DEL LIBRO
Número Internacional Estándar del Libro 9788492462506
Información calificativa BNE
020 ## - NÚMERO INTERNACIONAL ESTÁNDAR DEL LIBRO
Número Internacional Estándar del Libro 9788415272861
Información calificativa AC/E
024 7# - IDENTIFICADOR DE OTROS ESTÁNDARES
Número estándar o código NIPO 032-17-002-X
Fuente del número o código nipo
035 ## - NÚMERO DE CONTROL DEL SISTEMA
Número de control de sistema (OCoLC)974537108
035 ## - NÚMERO DE CONTROL DEL SISTEMA
Número de control de sistema a5897285
040 ## - FUENTE DE CATALOGACIÓN
Centro catalogador/agencia de origen SpMaBN
Lengua de catalogación spa
Centro/agencia transcriptor SpMaBN
Normas de descripción rdc
080 ## - NÚMERO DE LA CLASIFICACIÓN DECIMAL UNIVERSAL
Número de la Clasificación Decimal Universal 78 Barbieri, Francisco A. (083.824)
080 ## - NÚMERO DE LA CLASIFICACIÓN DECIMAL UNIVERSAL
Número de la Clasificación Decimal Universal 929 Barbieri, Francisco A. (083.824)
245 00 - MENCIÓN DEL TÍTULO
Título Barbieri :
Resto del título música, fuego y diamantes : [exposición del 24 de febrero al 28 de mayo de 2017]
Mención de responsabilidad, etc. [comisariado, Emilio Casares Rodicio ; textos, Emilio Casares Rodicio ... et al. ; organizan, Biblioteca Nacional de España, Acción Cultural Española (AC/E )]
260 ## - PUBLICACIÓN, DISTRIBUCIÓN, ETC.
Lugar de publicación, distribución, etc. [Madrid] :
Nombre del editor, distribuidor, etc. Biblioteca Nacional de España :
-- Acción Cultural Española,
Fecha de publicación, distribución, etc. 2017
300 ## - DESCRIPCIÓN FÍSICA
Extensión 163 páginas :
Otras características físicas ilustraciones (blanco y negro y color) ;
Dimensiones 24 cm
336 ## - TIPO DE CONTENIDO
Término de tipo de contenido Texto (visual)
Fuente isbdcontent
337 ## - TIPO DE MEDIO
Nombre/término del tipo de medio sin mediación
Fuente isbdmedia
338 ## - TIPO DE SOPORTE
Fuente rdacarrier
Nombre/término del tipo de soporte volumen
500 ## - NOTA GENERAL
Nota general Catalogación provisional. Signatura: N 8526. Depósito J.
504 ## - NOTA DE BIBLIOGRAFÍA, ETC.
Nota de bibliografía, etc. Bibliografía: páginas 132-133
520 ## - RESUMEN, ETC.
Sumario, etc. Músico y compositor de enorme popularidad, Francisco Asenjo Barbieri fue también promotor de iniciativas culturales y notable investigador y erudito. Fruto de su bibliofilia es el llamado Legado Barbieri, compuesto por obras antiguas de gran valor que donó a su muerte a la Biblioteca Nacional de España. El catálogo de la exposición "Barbieri: música, fuego y diamantes", coordinado por el gran especialista Emilio Casares, comisario también de la muestra, recorre todas las facetas de la vida y la obra del insigne autor y cuenta con colaboraciones de María Encina Cortizo, Isabelle Porto y José Carlos Gosálvez
530 ## - NOTA DISPONIBLE DE FORMULARIO FÍSICO ADICIONAL
Nota de formato físico adicional disponible Disponible en formato digital
600 10 - PUNTO DE ACCESO ADICIONAL DE MATERIA--NOMBRE DE PERSONA
Nombre de persona Barbieri, Francisco A.,
Fechas asociadas al nombre 1823-1894-
Subdivisión de forma Exposiciones
9 (RLIN) 233831
655 #7 - TERMINO DE INDIZACIÓN--GENERO/FORMA
Datos o término principal de género/forma Catálogos de exposiciones
Fuente del término tgfbne
9 (RLIN) 193628
700 0# - ENTRADA AGREGADA--NOMBRE PERSONAL
Nombre de persona Casares Rodicio, Emilio,
Fechas asociadas al nombre 1943-
9 (RLIN) 36169
Término indicativo de función/relación Comisario
710 2# - ENTRADA AGREGADA--NOMBRE DE ENTIDAD CORPORATIVA
Nombre de entidad corporativa o nombre de jurisdicción como elemento de entrada Biblioteca Nacional de España
Término indicativo de función/relación entidad responsable
9 (RLIN) 234950
710 2# - ENTRADA AGREGADA--NOMBRE DE ENTIDAD CORPORATIVA
Nombre de entidad corporativa o nombre de jurisdicción como elemento de entrada Sociedad Estatal de Acción Cultural (España)
Término indicativo de función/relación entidad responsable
9 (RLIN) 152069
852 ## - LOCALIZACIÓN
Ubicación ES-MaACL
Ubicación en estantería Depósito J
Donativo/Legado Donación: Biblioteca Nacional de España
Número de control de estantería N-8526
itemnumber 200330
Nota libre En proceso
856 4# - LOCALIZACIÓN Y ACCESO ELECTRÓNICOS
Identificador Uniforme de Recursos <a href="https://bne.es/es/publicaciones/barbieri">https://bne.es/es/publicaciones/barbieri</a>
Texto de enlace Versión en línea
Nota pública Biblioteca Nacional de España
914 ## - NOMBRE ENTIDAD DE DONANTE
Nombre de congreso/reunión o jurisdicción como elemento de entrada Biblioteca Nacional de España
Unidad subordinada Donante
RLIN 234950
942 ## - ELEMENTOS DE ENTRADA SECUNDARIOS (KOHA)
Suprimir en OPAC No
Tipo de ítem Koha Libro impreso
Holdings
Estatus retirado Estado de pérdida Fuente del sistema de clasificación o colocación Estado de daño No para préstamo Biblioteca de origen Biblioteca actual Ubicación en estantería Fecha de adquisición Fuente de adquisición Total de préstamos Signatura topográfica completa Código de barras Visto por última vez Tipo de ítem Koha
    Clasificación decimal universal     Biblioteca del Ateneo de Madrid Biblioteca del Ateneo de Madrid Depósito J 06/06/2022 Donación   N-8526 101205623 23/07/2023 Libro impreso